ბათუმის შოთა რუსთაველის სახელმწიფო უნივერსიტეტის ბიბლიოთეკა

ფილოლოგიური პარალელები : (ბიბ.ჩანაწერი № 45464)

000 -ლიდერი
ფიქსირებული სიგრძის საკონტროლო ველი 01020nam a2200217Ia 4500
001 - საკონტროლო ნომერი
საკონტროლო ველი 12289
003 - საკონტროლო ნომრის იდენტიფიკატორი
საკონტროლო ველი GE_BSU
005 - ბოლო ოპერაციის თარიღი და დრო
საკონტროლო ველი 20240626163542.0
008 - ფიქსირებული სიგრძის მონაცემთა ელემენტები - ზოგადი ინფორმაცია
ფიქსირებული სიგრძის საკონტროლო ველი 181216s2009||||ge |||||||||||||| ||geo||
040 ## - კატალოგიზაციის წყარო
Transcribing agency GE_BSU
041 ## - ენის კოდი
Language code of text/sound track or separate title geo
080 ## - უნივერსალური ათობითი კლასიფიკაციის ინდექსი
Universal Decimal Classification number 811.353.1(061)+821(4) ფ-55
245 ## - ცნობა სათაურის შესახებ
Title ფილოლოგიური პარალელები :
Remainder of title სამეცნიერო შრომების კრებული N1 /
Statement of responsibility, etc რედ. : თეიმურაზ გვანცელაძე, მერაბ ნაჭყებია.
264 ## - წარმოების, გამოცემის, დისტრიბუციის და სხვა ცნობები
გამოცემის, წარმოების, დისტრიბუციის... ადგილი თბილისი :
გამოცემის, წარმოების, დისტრიბუციის... სახელწოდება უნივერსალი,
გამოცემის, წარმოების, დისტრიბუციის... თარიღი 2009.
300 ## - ფიზიკური აღწერა
Extent 183 გვ. ;
Dimensions 20 სმ.
520 ## - SUMMARY, ETC.
Summary, etc რეზიუმე გვ. :182
653 ## - INDEX TERM--UNCONTROLLED
Uncontrolled term ფილოლოგიური პარალელები
700 ## - ADDED ENTRY--PERSONAL NAME
Personal name გვანცელაძე, თეიმურაზ
Relator term რედაქტორი
9 (RLIN) 291
700 ## - ADDED ENTRY--PERSONAL NAME
Personal name ნაჭყებია, მერაბ
Relator term რედაქტორი
9 (RLIN) 292
942 ## - ADDED ENTRY ELEMENTS (KOHA)
Koha item type წიგნი
Source of classification or shelving scheme
ეგზემპლარები
ჩამოწერის სტატუსი დაკარგული ეგზემპლარის სტატუსი კლასიფიკაციის წყარო ან თაროზე გაწყობის სქემა დაზიანების სტატუსი არ გაიცემა მუდმივი მდებარეობა (დაცვის ადგილი) ამჟამინდელი ადგილსამყოფელი თაროზე განთავსების ადგილი შეძენის თარიღი სრული შენახვის შიფრი შტრიხკოდი ბოლო ოპერაციის თარიღი ეგზემპლარის მიმდევრობითი ნომერი (კეტერი?) ფასის ძალაში შესვლის თარიღი ეგზემპლარის სახეობა საჯარო შენიშვნა
          ბათუმის შოთა რუსთაველის სახელმწიფო უნივერსიტეტის მთავარი ბიბლიოთეკა ბათუმის შოთა რუსთაველის სახელმწიფო უნივერსიტეტის მთავარი ბიბლიოთეკა წიგნსაცავი 2018-12-17 811.353.1(061)+821(4) ფ-55 26913 2018-12-17 26913 2018-12-17 წიგნი ნაჩუქარი